000
00300nam a22001217a 4500
040
_c
SY
082
_a
639
100
_a
សុក គន្ធី
245
_a
The logical framework approach handbook for objective-oriented planning
260
_a
NA
_b
សុក
_c
2003
300
_a
109p.
942
_c
EK
999
_c
9923
_d
9923